[Event "Online Olym Div3 A 2021"]
[Site "chess.com INT"]
[Date "2021.08.29"]
[Round "8.3"]
[Board "5"]
[White "Noh, Jinwoo"]
[Black "Nakahara, Kan"]
[Result "0-1"]
[BlackTitle "CM"]
[WhiteElo "1489"]
[BlackElo "2095"]
[WhiteTeam "South Korea"]
[BlackTeam "Japan"]
[WhiteFideId "13211307"]
[BlackFideId "7002556"]
[EventDate "2021.08.27"]
[EventType "team"]

1. c4 Nf6 2. Nc3 d5 3. e3 g6 4. b3 Bg7 5. Bb2 O-O 6. Nf3 c5 7. d3 Nc6 8. Be2 b6
9. O-O Bb7 10. cxd5 Nxd5 11. Na4 e5 12. Rc1 Qe7 13. a3 Rfd8 14. Qc2 Rac8 15.
Rfd1 Na5 16. Nc3 h6 17. Nd2 Kh7 18. Bf3 Nb4 19. axb4 cxb4 20. Bxb7 Nxb7 21. Qb1
bxc3 22. Bxc3 Nc5 23. Bb4 Bf8 24. Nf3 Qe6 25. Bxc5 Rxc5 26. d4 Rxc1 27. Rxc1
exd4 28. Nxd4 Qd7 29. g3 Bg7 30. Rd1 Bf6 31. Qe4 a5 32. h4 h5 33. Kg2 Kg7 34.
Qf4 Qd5+ 35. Kf1 b5 36. Qc7 Ra8 37. Ke2 a4 38. bxa4 bxa4 39. Qc2 a3 40. f3 a2
41. Nb3 Qb5+ 42. Kf2 a1=Q 43. Nxa1 Rxa1 44. Rxa1 Bxa1 45. Qe4 Qb2+ 46. Kf1 Qe5
47. Qxe5+ Bxe5 48. Kf2 Bf6 49. f4 Bd8 50. Kf3 f5 51. e4 fxe4+ 52. Kxe4 Kf6 53.
Ke3 Kf5 54. Kf3 Bc7 55. Ke3 Kg4 56. Kf2 Bb6+ 57. Kg2 Bc5 58. Kh2 Bf2 59. f5 gxf5 0-1

[Event "Online Olym Div3 A 2021"]
[Site "chess.com INT"]
[Date "2021.08.29"]
[Round "8.3"]
[Board "6"]
[White "Mitsuyama, Rikka"]
[Black "Cho, Yeonhee"]
[Result "0-1"]
[BlackTitle "WCM"]
[WhiteElo "1157"]
[BlackElo "1423"]
[WhiteTeam "Japan"]
[BlackTeam "South Korea"]
[WhiteFideId "7002815"]
[BlackFideId "13201190"]
[EventDate "2021.08.27"]
[EventType "team"]

1. d4 d5 2. c4 e6 3. Nc3 Nf6 4. Bg5 Be7 5. Nf3 Nbd7 6. e3 O-O 7. Rc1 b6 8. Bd3
h6 9. Bh4 Bb7 10. O-O c5 11. cxd5 Nxd5 12. Bg3 N7f6 13. Re1 cxd4 14. Nxd4 Nxc3
15. bxc3 Bd6 16. Bxd6 Qxd6 17. Ne2 Rfd8 18. Bc4 Qc6 19. Bd5 Nxd5 20. Nd4 Qd7 21.
Qg4 Nf6 22. Qg3 Qd6 23. Qh4 Qd5 24. e4 Nxe4 25. Nf3 Nc5 26. Rc2 Ne4 27. c4 Qf5
28. Rce2 Nf6 29. Re5 Qg4 30. h3 Qxh4 31. Nxh4 Rd2 32. Nf3 Rxa2 33. Rd1 Bxf3 34.
gxf3 Rc8 35. Rc1 Ra4 36. c5 Nd7 37. Re4 Rxe4 38. fxe4 Rxc5 39. Rd1 Ne5 40. f4
Nc4 41. Rd8+ Kh7 42. Rd7 a5 43. Rxf7 a4 44. Ra7 Ra5 45. Rc7 a3 46. Rxc4 a2 47.
Rc1 a1=Q 48. Rxa1 Rxa1+ 49. Kf2 b5 50. Ke2 b4 51. Kd2 Ra3 52. Kc2 Rxh3 53. Kb2
Kg6 54. f5+ exf5 55. exf5+ Kxf5 56. Kb1 Ke4 57. Kb2 Kd4 58. Kb1 Rh2 59. Ka1 Kc3
60. Kb1 b3 61. Kc1 Rh1# 0-1

[Event "Online Olym Div3 A 2021"]
[Site "chess.com INT"]
[Date "2021.08.29"]
[Round "8.4"]
[Board "1"]
[White "Song, Raymond"]
[Black "Fan, Allen Chi Zhou"]
[Result "1-0"]
[WhiteTitle "IM"]
[BlackTitle "FM"]
[WhiteElo "2485"]
[BlackElo "2147"]
[WhiteTeam "Chinese Taipei"]
[BlackTeam "New Zealand"]
[WhiteFideId "3203824"]
[BlackFideId "4304128"]
[EventDate "2021.08.27"]
[EventType "team"]

1. d4 Nf6 2. Nf3 d6 3. g3 g6 4. b3 Bg7 5. Bb2 O-O 6. Bg2 a5 7. O-O Na6 8. c4 c6
9. Nc3 Bd7 10. e4 Qc7 11. Re1 e5 12. d5 Rfd8 13. Qd2 Nc5 14. Ba3 Ne8 15. Rad1
Bg4 16. h3 Bxf3 17. Bxf3 Na6 18. Qe3 Nb4 19. Re2 c5 20. Bc1 Qe7 21. a3 Na6 22.
Na4 Nac7 23. Bd2 Rdb8 24. Nc3 Nf6 25. Ree1 Nd7 26. Rb1 Nb6 27. Qd3 Qd7 28. Bg4
Qd8 29. Be3 Nc8 30. b4 axb4 31. axb4 b6 32. bxc5 bxc5 33. Rxb8 Rxb8 34. Ra1 h5
35. Bd1 Rb4 36. Rb1 Na6 37. Nb5 Nb6 38. Bb3 Bf8 39. Bd2 Qd7 40. Kg2 Be7 41. Bxb4
cxb4 42. Ra1 Nc5 43. Qc2 Qc8 44. Ra7 Kf8 45. Rc7 Qa8 46. Rc6 Nc8 47. Qa2 Qb7 48.
Bc2 Ke8 49. Qb2 Na6 50. Rxa6 Kd8 51. Rc6 Nb6 52. Qxb4 Nc8 53. Qa5+ Ke8 54. Rc7
Qb8 55. Qa6 Kd8 56. Rb7 1-0

[Event "Online Olym Div3 A 2021"]
[Site "chess.com INT"]
[Date "2021.08.29"]
[Round "8.4"]
[Board "2"]
[White "Xie, Felix"]
[Black "Liu, Yeh Yang"]
[Result "1-0"]
[WhiteTitle "CM"]
[WhiteElo "2132"]
[BlackElo "1994"]
[WhiteTeam "New Zealand"]
[BlackTeam "Chinese Taipei"]
[WhiteFideId "4308174"]
[BlackFideId "16300416"]
[EventDate "2021.08.27"]
[EventType "team"]

1. d4 Nf6 2. Bg5 e6 3. e4 h6 4. Bxf6 Qxf6 5. c3 c5 6. d5 exd5 7. exd5 d6 8. Bd3
Qe5+ 9. Ne2 Nd7 10. Bc4 Be7 11. O-O O-O 12. Nd2 f5 13. Re1 Bg5 14. Nf3 Qf6 15.
h4 Bxh4 16. Nf4 Ne5 17. Nxe5 dxe5 18. d6+ Kh8 19. Nh5 Qg5 20. Rxe5 g6 21. Ng3
Bxg3 22. fxg3 Bd7 23. Re7 Rad8 24. Qd3 Bc6 25. Rd1 f4 26. Re6 Kg7 27. Re7+ Kh8
28. Re6 Rf6 29. Rxf6 Qxf6 30. gxf4 Kg7 31. g3 Rd7 32. Bb5 Bxb5 33. Qxb5 Qe6 34.
Qd3 b6 35. Kf2 h5 36. b3 Qh3 37. Qd5 Qf5 38. Qe5+ Kf7 39. Re1 Qxe5 40. fxe5 Ke6
41. Kf3 Rf7+ 42. Ke4 g5 43. Rd1 h4 44. gxh4 gxh4 45. Rg1 Rh7 46. Rg6+ Kd7 47.
Kd5 Rh5 48. Rg7+ Ke8 49. Ke6 Rh6+ 50. Kf5 h3 51. e6 Rh5+ 52. Kg6 Rh8 53. Rxa7
Rg8+ 54. Kf6 Rf8+ 55. Kg7 1-0

[Event "Online Olym Div3 A 2021"]
[Site "chess.com INT"]
[Date "2021.08.29"]
[Round "8.4"]
[Board "3"]
[White "Chen, Chi"]
[Black "Chang, Yolanda"]
[Result "1-0"]
[WhiteElo "1588"]
[BlackElo "1400"]
[WhiteTeam "Chinese Taipei"]
[BlackTeam "New Zealand"]
[WhiteFideId "16301633"]
[BlackFideId "4309332"]
[EventDate "2021.08.27"]
[EventType "team"]

1. d4 d5 2. Nf3 Nf6 3. c4 e6 4. Nc3 c6 5. cxd5 exd5 6. Bf4 Be6 7. e3 Bb4 8. Qb3
Qb6 9. a3 Bxc3+ 10. Qxc3 Ne4 11. Qc2 h6 12. Bd3 Nf6 13. Bd6 Qd8 14. Bg3 O-O 15.
O-O Nbd7 16. Qb3 Nb6 17. Bh4 Rb8 18. Rac1 Nbd7 19. Bg3 Rc8 20. Qxb7 Ne4 21. Bxe4
dxe4 22. Nd2 Bd5 23. Qxa7 Nf6 24. h3 Nh5 25. Bh2 Qg5 26. Qa6 f5 27. Qe2 Qg6 28.
Rfe1 Rfe8 29. Nf1 Rf8 30. Ng3 Nf6 31. a4 Nd7 32. a5 Ra8 33. b4 Rfc8 34. Qh5 Qf6
35. Qxf5 Qe7 36. Qh5 Qxb4 37. Nf5 Bf7 38. Qg4 Qf8 39. Bd6 h5 40. Bxf8 hxg4 41.
Bxg7 Be6 42. hxg4 Bxf5 43. gxf5 Kxg7 44. Rc5 Kf6 45. Rc4 Rxa5 46. Rec1 Ra6 47.
d5 Ne5 48. Rxe4 Kxf5 49. Rf4+ Kg5 50. dxc6 Raxc6 51. Rd1 Kg6 52. Rd5 Nf7 53. Rd7
Rc1+ 54. Kh2 Rh8+ 55. Kg3 Ne5 56. Rd6+ Kg7 57. Re4 Ng6 58. Rg4 Rh6 59. Ra4 Rc7
60. Rg4 Kf7 61. e4 Re7 62. f3 Ne5 63. Rf4+ Kg7 64. Rxh6 Kxh6 65. Rf6+ Kh7 66.
Rf5 Rg7+ 67. Kh3 Nd3 68. g4 Kg8 69. e5 Re7 70. f4 Nf2+ 71. Kg3 Ne4+ 72. Kf3 Nd2+
73. Kg3 Ne4+ 74. Kf3 Nd2+ 75. Ke2 Ne4 76. Ke3 Nd6 77. Rg5+ Kf8 78. Kd4 Nf7 79.
Rf5 Kg7 80. Kd5 Nh6 81. Rg5+ Kf7 82. f5 Rd7+ 83. Kc6 Rd4 84. e6+ Ke7 85. Rg7+
Ke8 86. f6 Rxg4 87. Rh7 1-0

[Event "Online Olym Div3 A 2021"]
[Site "chess.com INT"]
[Date "2021.08.29"]
[Round "8.4"]
[Board "4"]
[White "Thurner, Anya"]
[Black "Shih, Ching-An"]
[Result "1/2-1/2"]
[BlackTitle "WFM"]
[WhiteElo "1557"]
[BlackElo "1582"]
[WhiteTeam "New Zealand"]
[BlackTeam "Chinese Taipei"]
[WhiteFideId "4307780"]
[BlackFideId "16300653"]
[EventDate "2021.08.27"]
[EventType "team"]

1. e4 e5 2. Nf3 Nc6 3. d4 exd4 4. Nxd4 d6 5. Nxc6 bxc6 6. Bd3 Nf6 7. O-O Be7 8.
Bf4 O-O 9. Nc3 Bb7 10. e5 Nd5 11. Nxd5 cxd5 12. Re1 dxe5 13. Bxe5 Bf6 14. Re3
Re8 15. Bxf6 Qxf6 16. Rh3 g6 17. c3 Rad8 18. Qb3 Qb6 19. Qxb6 axb6 20. Kf1 c5
21. Re3 Rxe3 22. fxe3 f5 23. Rd1 Kf7 24. Kf2 Ra8 25. a3 Ke6 26. c4 Ke5 27. Be2
Ra4 28. cxd5 Bxd5 29. Bf3 Bxf3 30. gxf3 Rc4 31. Rd2 h6 32. Ke2 Rh4 33. Kf1 Rh3
34. Kg2 Rh4 35. Kf1 Rc4 36. Ke2 b5 37. Kf2 b4 38. axb4 Rxb4 39. Rc2 Kd5 40. Ke2
c4 41. Kd2 Rb3 42. Ke2 Kc5 43. Kd2 Rb6 44. Ke2 Rd6 45. b3 Kb4 46. bxc4 Rc6 47.
Rb2+ Kxc4 48. Rc2+ Kd5 49. Rd2+ Ke5 50. Kf2 g5 51. Kg2 h5 52. h3 h4 53. Kf2 Rc1
54. Kg2 Re1 55. Kf2 Rh1 56. Kg2 Rb1 57. Kf2 1/2-1/2

[Event "Online Olym Div3 A 2021"]
[Site "chess.com INT"]
[Date "2021.08.29"]
[Round "8.4"]
[Board "5"]
[White "Bai, Adelard"]
[Black "Picken, Oliver"]
[Result "1-0"]
[WhiteTitle "FM"]
[BlackTitle "CM"]
[WhiteElo "2399"]
[BlackElo "1767"]
[WhiteTeam "Chinese Taipei"]
[BlackTeam "New Zealand"]
[WhiteFideId "16301188"]
[BlackFideId "4304764"]
[EventDate "2021.08.27"]
[EventType "team"]

1. d4 e6 2. Nf3 f5 3. g3 b6 4. Bg2 Bb7 5. O-O Nf6 6. b3 Be7 7. Bb2 O-O 8. c4 Qe8
9. d5 exd5 10. Nd4 Ne4 11. cxd5 Nd6 12. Nd2 a5 13. Re1 Qf7 14. N2f3 Bf6 15. Rc1
Na6 16. Ba3 Bxd4 17. Nxd4 Bxd5 18. Bxd6 cxd6 19. Nf3 h6 20. Ng5 Qf6 21. Bxd5+
Kh8 22. Nf7+ Rxf7 23. Bxa8 Re7 24. Rc8+ Kh7 25. Bd5 Nc5 26. e3 Qb2 27. Bg8+ Kg6
28. Qxd6+ Re6 29. Bxe6 dxe6 30. Rxc5 bxc5 31. Qxe6+ Kh5 32. Qxf5+ g5 33. Qf7+
Kg4 34. h3+ Kxh3 35. Qh5# 1-0

[Event "Online Olym Div3 A 2021"]
[Site "chess.com INT"]
[Date "2021.08.29"]
[Round "8.5"]
[Board "1"]
[White "Nadan, Avinesh"]
[Black "Doluweera, Minul Sanjula"]
[Result "0-1"]
[BlackTitle "FM"]
[WhiteElo "1609"]
[BlackElo "2129"]
[WhiteTeam "Fiji"]
[BlackTeam "Sri Lanka"]
[WhiteFideId "11401737"]
[BlackFideId "9910760"]
[EventDate "2021.08.27"]
[EventType "team"]

1. e4 c6 2. Nf3 d5 3. Nc3 Bg4 4. exd5 cxd5 5. d4 Nc6 6. Be2 e6 7. h3 Bf5 8. Bb5
a6 9. Bd3 Bxd3 10. Qxd3 Bd6 11. a3 Qc7 12. Qe2 Nge7 13. Bg5 O-O 14. O-O Na5 15.
Ne5 f6 16. Ng4 fxg5 17. Qxe6+ Kh8 18. Nxd5 Nxd5 19. Qxd5 Bf4 20. b4 Nc6 21. Rad1
Rad8 22. Qc4 Qf7 23. d5 Ne5 24. Nxe5 Bxe5 25. Qe4 Rfe8 26. Kh1 b5 27. c4 Bb8 28.
Qd3 Qf4 29. g3 Qxc4 30. Rd2 Qxd3 31. Rxd3 Kg8 32. Rfd1 Kf7 33. d6 Rd7 34. Rf3+
Kg6 35. Rfd3 Re6 36. Rc3 Rexd6 37. Rf1 Rd1 38. Rxd1 Rxd1+ 39. Kg2 Be5 40. Rc6+
Rd6 41. Rc5 Bb2 42. a4 bxa4 43. b5 axb5 44. Rxb5 a3 45. Ra5 Rd3 46. Ra6+ Bf6 47.
Kf1 Rb3 48. h4 gxh4 49. gxh4 Kh5 50. Ra4 Bxh4 51. Kg2 Bf6 52. Ra5+ Kg6 53. Ra4
Be7 54. Rg4+ Kf7 55. Rf4+ Ke8 56. Ra4 Rb2 57. Ra8+ Kf7 58. Kg3 a2 59. Ra7 Rc2
60. Kf3 Ke6 61. Ra6+ Kf5 62. Ra5+ Kg6 63. Ke3 Bf6 64. f4 a1=Q 65. f5+ Kg5 66.
Rxa1 Bxa1 67. Kd3 Rf2 0-1

[Event "Online Olym Div3 A 2021"]
[Site "chess.com INT"]
[Date "2021.08.29"]
[Round "8.5"]
[Board "2"]
[White "Samaranayake, K P R N"]
[Black "Adricula, Noel A"]
[Result "1-0"]
[BlackTitle "CM"]
[WhiteElo "1933"]
[BlackElo "1631"]
[WhiteTeam "Sri Lanka"]
[BlackTeam "Fiji"]
[WhiteFideId "9906991"]
[BlackFideId "11400234"]
[EventDate "2021.08.27"]
[EventType "team"]

1. d4 d6 2. e4 Nf6 3. Nc3 g6 4. f3 Bg7 5. Be3 O-O 6. Qd2 c6 7. g4 b5 8. Bd3 Nbd7
9. Nge2 Qa5 10. Ng3 b4 11. Nce2 c5 12. h4 Rd8 13. Bc4 cxd4 14. Nxd4 Ne5 15. Be2
Bd7 16. h5 Rac8 17. b3 Nc4 18. Bxc4 e6 19. hxg6 hxg6 20. Bh6 d5 21. Bxg7 1-0

[Event "Online Olym Div3 A 2021"]
[Site "chess.com INT"]
[Date "2021.08.29"]
[Round "8.5"]
[Board "3"]
[White "Lyons, Kieran"]
[Black "Premanath, Dinushki"]
[Result "0-1"]
[WhiteTitle "WFM"]
[BlackTitle "WFM"]
[WhiteElo "1767"]
[BlackElo "1793"]
[WhiteTeam "Fiji"]
[BlackTeam "Sri Lanka"]
[WhiteFideId "11400102"]
[BlackFideId "9903542"]
[EventDate "2021.08.27"]
[EventType "team"]

1. e4 c5 2. Nf3 e6 3. d4 cxd4 4. Nxd4 a6 5. Nc3 Qc7 6. Be3 Bb4 7. Qd2 Nf6 8. f3
d5 9. exd5 Nxd5 10. Nde2 Nxe3 11. Qxe3 O-O 12. a3 Bc5 13. Qe4 Nd7 14. O-O-O Nf6
15. Qf4 Qxf4+ 16. Nxf4 Be3+ 17. Kb1 Bxf4 18. Bc4 b5 19. Bd3 Bb7 20. Ne2 Bc7 21.
h4 h6 22. Rh3 e5 23. Ng3 Rfe8 24. Nf5 e4 25. fxe4 Bxe4 26. Bxe4 Rxe4 27. Ne3
Rae8 28. Nd5 Nxd5 29. Rxd5 Re1+ 30. Ka2 R1e2 31. Rc3 Be5 32. Rcc5 Bf6 33. g3
R2e3 34. Rc6 R3e6 35. Rxe6 Rxe6 36. Rd2 g5 37. hxg5 hxg5 38. g4 Re4 39. Rg2 Kf8
40. Kb3 Ke7 41. c3 Ke6 42. Kc2 Be7 43. Kd3 Rf4 0-1

[Event "Online Olym Div3 A 2021"]
[Site "chess.com INT"]
[Date "2021.08.29"]
[Round "8.5"]
[Board "4"]
[White "Tharushi, T H D Niklesha"]
[Black "Sewak, Aarti"]
[Result "1-0"]
[WhiteTitle "WCM"]
[WhiteElo "1711"]
[BlackElo "1412"]
[WhiteTeam "Sri Lanka"]
[BlackTeam "Fiji"]
[WhiteFideId "9918264"]
[BlackFideId "11400722"]
[EventDate "2021.08.27"]
[EventType "team"]

1. d4 g6 2. c4 Bg7 3. Nf3 Nc6 4. Nc3 d6 5. h3 h6 6. e4 e6 7. Be2 a6 8. Bf4 Nge7
9. Qd2 f5 10. d5 Na7 11. O-O-O e5 12. Bh2 Bd7 13. exf5 Nxf5 14. g4 Ne7 15. Bd3
O-O 16. Nh4 Qe8 17. Qc2 Rf6 18. Rhg1 g5 19. Ng2 Qf8 20. Rdf1 Be8 21. h4 Bg6 22.
Ne4 Rf3 23. hxg5 hxg5 24. Ne1 Rh3 25. Bg3 Bh6 26. f3 Rd8 27. Qg2 Rxg3 28. Qxg3
Qf4+ 29. Qxf4 exf4 30. Rh1 Kg7 31. Nc2 c5 32. Rh2 b5 33. b3 b4 34. Rfh1 Ng8 35.
Kd2 Nc8 36. Ne1 a5 37. Rxh6 Nxh6 38. Nxg5 Rh8 39. Ne6+ Kf7 40. g5 Bxd3 41. Kxd3
Kg6 42. Rxh6+ Rxh6 43. gxh6 Kxh6 44. Ke4 Ne7 45. Ng2 Kg6 46. Ngxf4+ Kh6 47. Nd8
Kg5 48. Nf7+ Kf6 49. Nxd6 Kg5 50. Nb7 Nf5 51. d6 Ng3+ 52. Ke5 1-0

[Event "Online Olym Div3 A 2021"]
[Site "chess.com INT"]
[Date "2021.08.29"]
[Round "8.5"]
[Board "5"]
[White "Prasad, Rudr"]
[Black "De Silva, L M S T"]
[Result "0-1"]
[BlackTitle "FM"]
[WhiteElo "1566"]
[BlackElo "2085"]
[WhiteTeam "Fiji"]
[BlackTeam "Sri Lanka"]
[WhiteFideId "11401095"]
[BlackFideId "9953698"]
[EventDate "2021.08.27"]
[EventType "team"]

1. c4 e5 2. d3 Nf6 3. g3 d5 4. cxd5 Nxd5 5. Bg2 Nb6 6. Nc3 Be7 7. Nf3 Nc6 8. O-O
O-O 9. a3 a5 10. Bd2 Be6 11. Rc1 a4 12. Ne4 Bb3 13. Qe1 Nd7 14. Bc3 f5 15. Ned2
Be6 16. e4 Nc5 17. Qe2 Qxd3 18. Qxd3 Nxd3 19. Rcd1 Rad8 20. exf5 Bxf5 21. Nc4
Bc5 22. Rd2 e4 23. Nfe5 Ncxe5 24. Bxe5 b5 25. Ne3 Bg6 26. Bxc7 Rc8 27. Ba5 Nxf2
28. Rdxf2 Bxe3 29. Be1 Rc2 30. Bh3 Bxf2+ 31. Rxf2 Rfxf2 32. Bxf2 Rxb2 33. Bc5 h5
34. Be6+ Kh7 35. h4 e3 36. g4 Rb1+ 37. Kg2 e2 0-1

[Event "Online Olym Div3 A 2021"]
[Site "chess.com INT"]
[Date "2021.08.29"]
[Round "8.5"]
[Board "6"]
[White "Pavalachandran, Ashvini"]
[Black "Prasad, Tanvi"]
[Result "1-0"]
[WhiteElo "1722"]
[BlackElo "1165"]
[WhiteTeam "Sri Lanka"]
[BlackTeam "Fiji"]
[WhiteFideId "9932518"]
[BlackFideId "11401117"]
[EventDate "2021.08.27"]
[EventType "team"]

1. d4 d5 2. c4 dxc4 3. Nc3 e6 4. e3 b5 5. Nxb5 c6 6. Nc3 Bb4 7. Bxc4 Nf6 8. Bd2
O-O 9. Nf3 c5 10. O-O cxd4 11. Nxd4 Bb7 12. Qb3 Bxc3 13. Bxc3 Bd5 14. Rad1 Bxc4
15. Qxc4 Qd5 16. Qa4 Qd7 17. Nb5 Qc6 18. Bxf6 gxf6 19. Qg4+ Kh8 20. Nd4 Qb6 21.
Qh4 e5 22. Nf5 Rg8 23. Rd6 Qd8 24. Rxd8 Rxd8 25. Qxf6+ Kg8 26. Qg7# 1-0

[Event "Online Olym Div3 A 2021"]
[Site "chess.com INT"]
[Date "2021.08.29"]
[Round "9.1"]
[Board "1"]
[White "Liyanage, Ranindu Dilshan"]
[Black "Thing, Bibek"]
[Result "1/2-1/2"]
[WhiteTitle "CM"]
[BlackTitle "CM"]
[WhiteElo "2203"]
[BlackElo "2190"]
[WhiteTeam "Sri Lanka"]
[BlackTeam "Nepal"]
[WhiteFideId "9915834"]
[BlackFideId "12303135"]
[EventDate "2021.08.27"]
[EventType "team"]

1. e4 e5 2. Nf3 Nc6 3. d4 exd4 4. Nxd4 Nf6 5. Nxc6 bxc6 6. e5 Qe7 7. Qe2 Nd5 8.
h4 g6 9. Bg5 Qc5 10. h5 Be7 11. Bxe7 Qxe7 12. hxg6 fxg6 13. Nd2 Rb8 14. Nb3 a5
15. a4 O-O 16. O-O-O Qb4 17. Rd4 Qe7 18. Rdh4 Rf7 19. Qe4 Rb4 20. Qxg6+ Rg7 21.
Qh6 Qxe5 22. Bd3 Rxh4 23. Qxh4 Qf4+ 24. Qxf4 Nxf4 25. Be4 Nxg2 26. Nxa5 Nf4 27.
Nb3 Re7 28. Bf5 Rf7 29. Bg4 Nd5 30. f3 Ne3 31. Bh5 Rf5 32. a5 Nc4 33. Bg4 Rb5
34. Re1 Kf8 35. a6 Bxa6 36. Bxd7 Ne5 37. Bh3 Ng6 38. Nd4 Ra5 39. Nxc6 Ra1+ 40.
Kd2 Rxe1 41. Kxe1 Bb7 42. Nd4 Ke7 43. Kf2 Ne5 44. b4 Bd5 45. Bf5 h5 46. Kg3 Kf6
47. Bc8 Nc4 48. Nb5 c6 49. Nc3 Ne3 50. Bb7 Nxc2 51. b5 Nd4 52. b6 Ke5 53. Ba6
Kd6 54. b7 Kc7 55. Na4 Nf5+ 56. Kf4 Nd6 57. Nc5 h4 58. Kg4 h3 59. Kxh3 Bxf3 60.
Kg3 Bd5 61. Kf4 Bc4 62. Ke5 Bxa6 63. b8=Q+ Kxb8 64. Nxa6+ Kb7 65. Kxd6 c5 66.
Nxc5+ 1/2-1/2

[Event "Online Olym Div3 A 2021"]
[Site "chess.com INT"]
[Date "2021.08.29"]
[Round "9.1"]
[Board "2"]
[White "Jaiswal, Rupesh"]
[Black "Doluweera, Minul Sanjula"]
[Result "1/2-1/2"]
[WhiteTitle "FM"]
[BlackTitle "FM"]
[WhiteElo "2102"]
[BlackElo "2129"]
[WhiteTeam "Nepal"]
[BlackTeam "Sri Lanka"]
[WhiteFideId "12300870"]
[BlackFideId "9910760"]
[EventDate "2021.08.27"]
[EventType "team"]

1. e4 c6 2. d4 d5 3. exd5 cxd5 4. Bd3 Nc6 5. c3 Nf6 6. Bf4 Bg4 7. Qb3 Qd7 8. Nd2
e6 9. Ngf3 Bd6 10. Ne5 Qc7 11. Nxg4 Bxf4 12. Nxf6+ gxf6 13. Nf3 O-O-O 14. g3 Bh6
15. O-O f5 16. Rfe1 Rhg8 17. Bb5 Na5 18. Qa4 f4 19. Kh1 fxg3 20. fxg3 Kb8 21.
Rad1 Rg7 22. b4 Nc4 23. Bxc4 Qxc4 24. Qa5 Qc7 25. Qxc7+ Kxc7 26. Kg2 Kd6 27. Kf2
Rc8 28. Rd3 Rc7 29. Ke2 Rg8 30. Kd1 Rgc8 31. Kc2 b6 32. Kb3 a5 33. a3 axb4 34.
axb4 Ra8 35. Re2 Rca7 36. Rb2 Ra1 37. Kc2 R8a3 38. Rb1 R3a2+ 39. Rb2 Ra3 40. Rb1
R3a2+ 41. Rb2 Rc1+ 42. Kb3 Raa1 43. Ra2 Rcb1+ 44. Rb2 Rf1 45. Ra2 Rxa2 46. Kxa2
f6 47. Kb3 b5 48. Nh4 Rf2 49. Rf3 Rxf3 50. Nxf3 e5 51. dxe5+ fxe5 52. Kc2 Be3
53. Kd3 Bb6 54. Ng5 e4+ 55. Ke2 h5 56. h3 Ke5 57. Nf7+ Ke6 58. Ng5+ Kf6 59. Nh7+
Kf5 60. Nf8 Bc7 61. g4+ hxg4 62. hxg4+ Kxg4 63. Ke3 Be5 64. Nd7 Kf5 65. Kd2 Bf4+
66. Ke2 Bd6 67. Ke3 Ke6 68. Nb6 Be5 69. Kd2 Bf4+ 70. Ke2 Bg5 71. Nc8 Kd7 72. Na7
Bf6 73. Kd2 Kc7 74. Nxb5+ Kc6 75. Na3 Bg5+ 76. Ke2 Bc1 77. Nc2 Kb5 78. Kd1 Bg5
79. Nd4+ Kc4 80. Kc2 Bf6 81. Ne2 Bg7 82. Kd2 Bh6+ 83. Kc2 Bg7 84. Kd2 e3+ 85.
Kc2 Bf6 86. b5 Kxb5 87. Kd3 Bg5 88. Kd4 Kc6 89. c4 Bf6+ 90. Kd3 d4 91. Nc1 Kc5
92. Ne2 Kb4 93. Nf4 Kb3 94. c5 Be5 95. Nd5 Ka4 96. c6 Kb5 97. Nxe3 dxe3 98. Kxe3
Kxc6 1/2-1/2

[Event "Online Olym Div3 A 2021"]
[Site "chess.com INT"]
[Date "2021.08.29"]
[Round "9.1"]
[Board "3"]
[White "Ranasinghe, S D"]
[Black "Lohani, Sujana"]
[Result "0-1"]
[WhiteTitle "WIM"]
[BlackTitle "WFM"]
[WhiteElo "1725"]
[BlackElo "1675"]
[WhiteTeam "Sri Lanka"]
[BlackTeam "Nepal"]
[WhiteFideId "9902651"]
[BlackFideId "12311987"]
[EventDate "2021.08.27"]
[EventType "team"]

1. Nf3 g6 2. g3 Bg7 3. Bg2 d6 4. d4 Nf6 5. Nbd2 c6 6. O-O O-O 7. c3 Nbd7 8. Re1
e5 9. dxe5 dxe5 10. e4 Qc7 11. Qc2 Re8 12. a4 Nf8 13. b3 Be6 14. Ng5 Rad8 15.
Nxe6 Nxe6 16. Ba3 Nd7 17. Nc4 Ndc5 18. b4 b5 19. Nb2 Nd7 20. Qe2 a6 21. Qe3 Nb6
22. a5 Nc8 23. c4 Nd4 24. Rac1 Qb8 25. Nd3 Bf8 26. cxb5 cxb5 27. Nc5 Qa7 28. Bb2
Bxc5 29. Rxc5 Ne7 30. Bxd4 exd4 31. Qd3 Qd7 32. Rd1 Nc6 33. f4 Nxb4 34. Qa3 Nc6
35. e5 Ne7 36. Qd3 Qa7 37. Rdc1 Rc8 38. Qxd4 Rxc5 39. Qxc5 Qd7 40. Qe3 Nf5 41.
Qf2 Qd8 42. Qb6 Qd2 43. Qc6 Re6 44. Qc3 Qa2 45. Be4 Ne7 46. Rc2 Qb1+ 47. Kg2 b4
48. Qb2 Qe1 49. Re2 Qd1 50. Rd2 Qa4 51. Qa2 Qb5 52. Bd5 Nxd5 53. Qxd5 Qa4 54.
Ra2 Qe8 55. Rb2 Qa4 56. Qc5 b3 57. Qc3 Qe4+ 58. Kg1 Rc6 59. Qxb3 Rc1+ 60. Kf2
Qe1+ 61. Kg2 Qf1# 0-1

[Event "Online Olym Div3 A 2021"]
[Site "chess.com INT"]
[Date "2021.08.29"]
[Round "9.1"]
[Board "4"]
[White "Joshi, Sindira"]
[Black "Tharushi, T H D Niklesha"]
[Result "0-1"]
[BlackTitle "WCM"]
[WhiteElo "1506"]
[BlackElo "1711"]
[WhiteTeam "Nepal"]
[BlackTeam "Sri Lanka"]
[WhiteFideId "12312754"]
[BlackFideId "9918264"]
[EventDate "2021.08.27"]
[EventType "team"]

1. e4 c5 2. Nc3 a6 3. f4 b5 4. Nf3 Bb7 5. d3 e6 6. g3 Nf6 7. Bg2 d5 8. e5 Ng8 9.
O-O Nh6 10. Qe1 Nc6 11. Bd2 Be7 12. a3 Nf5 13. Ne2 h5 14. Kh1 d4 15. Neg1 Na7
16. a4 b4 17. Nh3 a5 18. Nhg5 Nc8 19. Ne4 Nb6 20. b3 Nd5 21. Bc1 Nde3 22. Bxe3
Nxe3 23. Rf2 h4 24. Re2 h3 25. Bf1 f5 26. exf6 gxf6 27. Rxe3 dxe3 28. Qxe3 f5
29. Ned2 Bd5 30. Nc4 Bf6 31. Re1 Qc7 32. Kg1 O-O-O 33. Kf2 Bc3 34. Re2 Bxf3 35.
Qxf3 Bd4+ 36. Ke1 Rh6 37. Kd1 Re8 38. g4 fxg4 39. Qxg4 Rf6 40. Bxh3 Qxf4 41.
Qxf4 Rxf4 42. Rxe6 Rxe6 43. Bxe6+ Kc7 44. h3 Bc3 45. Bg4 Rf1+ 46. Ke2 Rc1 47.
Nxa5 Rxc2+ 48. Kf3 Rd2 49. Bf5 Rb2 50. h4 Bd4 51. h5 Rb1 52. h6 Kb6 53. Nc4+ Kc7
54. h7 Rxb3 55. a5 Rb1 56. Ke4 Ra1 57. Ne5 Re1+ 58. Kf3 Bxe5 59. a6 Ra1 60. Ke4
Bd4 61. Kd5 b3 62. Kc4 b2 63. a7 b1=Q 0-1

[Event "Online Olym Div3 A 2021"]
[Site "chess.com INT"]
[Date "2021.08.29"]
[Round "9.1"]
[Board "5"]
[White "De Silva, L M S T"]
[Black "Paudel, Yubraj"]
[Result "1-0"]
[WhiteTitle "FM"]
[WhiteElo "2085"]
[BlackElo "1837"]
[WhiteTeam "Sri Lanka"]
[BlackTeam "Nepal"]
[WhiteFideId "9953698"]
[BlackFideId "12312886"]
[EventDate "2021.08.27"]
[EventType "team"]

1. e4 c5 2. Nf3 d6 3. Bb5+ Bd7 4. Bxd7+ Nxd7 5. O-O Ngf6 6. Qe2 e6 7. c3 Be7 8.
d4 cxd4 9. cxd4 e5 10. Nc3 O-O 11. Rd1 Qa5 12. Bd2 Qa6 13. Qxa6 bxa6 14. dxe5
dxe5 15. Be3 Rfb8 16. b3 Bc5 17. Nxe5 Bxe3 18. Nxd7 Nxd7 19. Rxd7 Bc5 20. Nd5
Re8 21. Re1 Rac8 22. g3 f5 23. b4 Bf8 24. e5 Rc2 25. e6 Rxa2 26. e7 Bxe7 27.
Nxe7+ Kf8 28. Kf1 g6 29. Nc6 Rc8 30. Re6 1-0